El arte sagrado de nuestra época
Сохранить в:
| Главный автор: | |
|---|---|
| Формат: | |
| Язык: | испанский |
| Опубликовано: |
Andorra la Vieja
Casal i Vall
1960
|
| Серии: | La Enciclopedia del Católico en el Siglo XX. Yo sé-Yo creo, 128
|
| Предметы: | |
| Метки: |
Добавить метку
Нет меток, Требуется 1-ая метка записи!
|
MARC
| LEADER | 00000cam a2200000 a 4500 | ||
|---|---|---|---|
| 001 | UCL4128 | ||
| 003 | CL-VaPUC | ||
| 008 | 031231e19600000AN |||||||||||||||||spa|d | ||
| 082 | 0 | 4 | |a 246.9 |b OCH |2 21 |
| 100 | |a Ochsé, Madeleine |e autora |9 481669 | ||
| 245 | 1 | 3 | |a El arte sagrado de nuestra época |
| 300 | |a 155 p | ||
| 942 | |c BK | ||
| 945 | |d 20031231 00:00:00 |a rbrito | ||
| 260 | |a Andorra la Vieja |b Casal i Vall |c 1960 | ||
| 650 | 0 | |a Arte religioso |9 330545 | |
| 650 | 0 | |a Estilos artísticos |9 340996 | |
| 650 | 0 | |a Arquitectura religiosa |9 266677 | |
| 650 | 0 | |a Edificios religiosos |9 335394 | |
| 583 | |a last modification |c 20150305 10:57:56 |k Rodrigo Vera | ||
| 490 | 0 | |a La Enciclopedia del Católico en el Siglo XX. Yo sé-Yo creo, 128 | |
| 999 | |c 307071 |d 307069 | ||
| 952 | |0 0 |1 0 |4 0 |6 246_900000000000000_OCH_1960 |7 0 |8 A |9 372554 |a BIBTEO |b BIBTEO |d 2019-11-21 |i 2086379 |o 246.9 OCH 1960 |p 2086379 |r 2025-01-17 |w 2019-11-21 |y BK |k ICR | ||
| 952 | |0 0 |1 0 |3 erb |4 0 |6 246_900000000000000_OCH_1960 |7 0 |8 A |9 372555 |a BIBTEO |b BIBTEO |i 5152690 |o 246.9 OCH 1960 |p 5152690 |r 2025-01-17 |w 2019-11-21 |y BK |z Catalogado en:20150305 |k ICR | ||